000
00293nam a22001337a 4500
008
180119b xxu||||| |||| 00| 0 eng d
020
_a
9781566375597
041
_a
eng
080
_a
37
100
_a
47
101
_a
EDU
245
_a
CHILDREN THE EARLY YEARS
_c
ANITA,C
942
_2
udc
_c
BK
999
_c
40616
_d
40616